[Event "Hillerod Vinhuset Stoltz op"]
[Site "Hillerod"]
[Date "2019.10.15"]
[Round "6"]
[White "Feldung, Arne"]
[Black "Szymanski, Michael"]
[Result "0-1"]
[WhiteElo "1349"]
[BlackElo "1552"]
[PlyCount "108"]
[EventDate "2019.09.24"]
[EventType "swiss"]
[EventRounds "7"]
[EventCountry "DEN"]
[SourceTitle "EXT 2021"]
[Source "ChessBase"]
[SourceDate "2020.10.23"]
[SourceVersion "1"]
[SourceVersionDate "2020.10.23"]
[SourceQuality "1"]

1. d4 Nf6 2. Bf4 g6 3. Nf3 Bg7 4. e3 d5 5. Nbd2 0-0 6. Ne5 Nbd7 7. h3 c6 8. c3 Nxe5 9. Bxe5 Qb6 10. Qb3 Nd7 11. Qxb6 Nxb6 12. Bxg7 Kxg7 13. b3 a5 14. a4 Nd7 15. Bd3 e5 16. Be2 e4 17. Bg4 f5 18. Be2 f4 19. 0-0 Nb6 20. c4 f3 21. Bd1 fxg2 22. Kxg2 Be6 23. Bg4 Rae8 24. c5 Nc8 25. f4 exf3+ 26. Nxf3 Bxg4 27. hxg4 Rxe3 28. Ne5 Rxf1 29. Rxf1 Rxb3 30. Rf7+ Kh6 31. Rf3 Rxf3 32. Kxf3 Kg5 33. Nf7+ Kf6 34. Ne5 h5 35. gxh5 gxh5 36. Kf4 Ne7 37. Nd7+ Kf7 38. Ne5+ Ke6 39. Nf3 Kf6 40. Ke3 Ng6 41. Nh2 Kf5 42. Kf3 Nf4 43. Ke3 h4 44. Nf3 h3 45. Nh2 Ng2+ 46. Kf3 Ne1+ 47. Ke3 Nc2+ 48. Kd3 Na3 49. Ke3 Nc4+ 50. Ke2 Kf4 51. Nf3 Kg3 52. Kf1 Kxf3 53. Kg1 Nd2 54. Kh2 Kg4 0-1

[Event "Hillerod Vinhuset Stoltz op"]
[Site "Hillerod"]
[Date "2019.09.24"]
[Round "3"]
[White "Nielskov, Freddy"]
[Black "Szymanski, Michael"]
[Result "1/2-1/2"]
[WhiteElo "1767"]
[BlackElo "1552"]
[PlyCount "154"]
[EventDate "2019.09.24"]
[EventType "swiss"]
[EventRounds "7"]
[EventCountry "DEN"]
[SourceTitle "EXT 2021"]
[Source "ChessBase"]
[SourceDate "2020.10.23"]
[SourceVersion "1"]
[SourceVersionDate "2020.10.23"]
[SourceQuality "1"]

1. b3 e5 2. Bb2 Nc6 3. e3 Nf6 4. Nf3 d6 5. h3 Bd7 6. d3 g6 7. c4 Bg7 8. Be2 0-0 9. 0-0 Qc8 10. Nbd2 Re8 11. Ng5 h6 12. Nge4 Nh7 13. Ng3 Ne7 14. e4 f5 15. exf5 Nxf5 16. Bg4 Nf6 17. Bxf5 Bxf5 18. Nxf5 Qxf5 19. Qf3 Rab8 20. Rad1 Nd7 21. Qxf5 gxf5 22. f4 e4 23. Bxg7 Kxg7 24. dxe4 fxe4 25. Rfe1 Nf6 26. Re3 Re7 27. Rde1 Rbe8 28. g4 Kg6 29. Nf3 Rh7 30. Nh4+ Kf7 31. Nf5 Ke6 32. Kh2 a6 33. Nd4+ Kd7 34. Nf5 Ke6 35. Ng3 d5 36. cxd5+ Kxd5 37. Rd1+ Kc5 38. Rde1 Kd5 39. Rd1+ Kc5 40. Rc3+ Kb4 41. Rc4+ Kb5 42. Re1 e3 43. Nf5 Rd7 44. a4+ Kb6 45. Rxe3 Rd2+ 46. Kg3 Rxe3+ 47. Nxe3 Rd3 48. Kf3 Rxb3 49. g5 hxg5 50. fxg5 Nh5 51. Rh4 Ng7 52. g6 Nf5 53. Re4 Kc6 54. Kf4 Ng7 55. Re7 Nh5+ 56. Kg5 Kd6 57. Nf5+ Kc6 58. Kxh5 Rxh3+ 59. Kg5 Rh1 60. g7 Rg1+ 61. Kf6 b5 62. axb5+ axb5 63. Re3 Rxg7 64. Nxg7 Kd5 65. Nf5 b4 66. Re1 c5 67. Ne3+ Kd4 68. Kf5 b3 69. Kf4 c4 70. Rd1+ Kc5 71. Rb1 Kd4 72. Nxc4 Kxc4 73. Ke3 Kc3 74. Rc1+ Kb2 75. Kd2 Ka2 76. Kc3 b2 77. Rc2 Ka1 1/2-1/2

[Event "Hillerod Byturnering D"]
[Site "Hillerod"]
[Date "2019.05.14"]
[Round "3"]
[White "Feldung, Arne"]
[Black "Szymanski, Michael"]
[Result "0-1"]
[WhiteElo "1377"]
[BlackElo "1547"]
[PlyCount "88"]
[EventDate "2019.04.23"]
[EventType "swiss"]
[EventRounds "7"]
[EventCountry "DEN"]
[SourceTitle "EXT 2024"]
[Source "ChessBase"]
[SourceDate "2023.10.10"]
[SourceVersion "1"]
[SourceVersionDate "2023.10.10"]
[SourceQuality "1"]

1. d4 d5 2. c3 Nf6 3. Bf4 e6 4. Nf3 c5 5. e3 Nc6 6. c4 Bd7 7. Nc3 cxd4 8. Nxd4 Bb4 9. Nxc6 Bxc6 10. Qd4 0-0 11. Be2 dxc4 12. 0-0 Qxd4 13. exd4 Bxc3 14. bxc3 Nd5 15. Bd2 b5 16. Bf3 Rfd8 17. Bxd5 Bxd5 18. Rfe1 h6 19. Re3 Rab8 20. Rg3 Kf8 21. Re3 Rb7 22. Ree1 a5 23. Rab1 g5 24. a3 f5 25. f3 f4 26. Rb2 Kf7 27. Reb1 Rdb8 28. Kf2 a4 29. Rb4 Bc6 30. Re1 Rd8 31. Re5 Rd5 32. Re2 Re7 33. g3 fxg3+ 34. hxg3 e5 35. Be3 exd4 36. cxd4 h5 37. Re1 Rf5 38. f4 gxf4 39. gxf4 h4 40. Rg1 h3 41. Rbb1 h2 42. Rh1 Bxh1 43. Rxh1 Rh5 44. Kf3 Rh3+ 0-1

[Event "Hillerod CC-ch C"]
[Site "Hillerod"]
[Date "2019.03.09"]
[Round "5"]
[White "Nielskov, Freddy"]
[Black "Szymanski, Michael"]
[Result "1/2-1/2"]
[WhiteElo "1606"]
[BlackElo "1529"]
[PlyCount "99"]
[EventDate "2019.01.08"]
[EventType "tourn"]
[EventRounds "7"]
[EventCountry "DEN"]
[SourceTitle "EXT 2024"]
[Source "ChessBase"]
[SourceDate "2023.10.10"]
[SourceVersion "1"]
[SourceVersionDate "2023.10.10"]
[SourceQuality "1"]

1. e4 e5 2. Nf3 Nc6 3. Bc4 Nf6 4. d3 Be7 5. Nc3 d6 6. h3 0-0 7. a3 a6 8. 0-0 b5 9. Ba2 Na5 10. Bg5 Nb7 11. Bxf6 Bxf6 12. Nd5 c6 13. Nxf6+ Qxf6 14. Nh2 Be6 15. Bxe6 Qxe6 16. f4 f5 17. exf5 Rxf5 18. fxe5 Rxf1+ 19. Qxf1 Qxe5 20. c3 Rf8 21. Nf3 Qe3+ 22. Kh1 Nc5 23. Rd1 Qf4 24. Qe2 Qf7 25. Re1 Qd5 26. d4 Na4 27. Qe6+ Qxe6 28. Rxe6 Rd8 29. Re2 h6 30. Kg1 Kf7 31. Kf2 Re8 32. Rd2 Nb6 33. Nh4 Nc4 34. Rc2 Kf6 35. Nf3 a5 36. Nd2 Nxd2 37. Rxd2 a4 38. Rc2 d5 39. Kf3 h5 40. h4 g5 41. g3 Re4 42. hxg5+ Kxg5 43. Rf2 Re1 44. Re2 Rf1+ 45. Rf2 Rxf2+ 46. Kxf2 Kg4 47. Kg2 h4 48. gxh4 Kxh4 49. Kf3 Kg5 50. Kg3 1/2-1/2

[Event "Hillerod CC-ch C"]
[Site "Hillerod"]
[Date "2019.02.01"]
[Round "2"]
[White "Sorensen, Bernhard"]
[Black "Szymanski, Michael"]
[Result "1-0"]
[WhiteElo "1576"]
[BlackElo "1529"]
[PlyCount "89"]
[EventDate "2019.01.08"]
[EventType "tourn"]
[EventRounds "7"]
[EventCountry "DEN"]
[SourceTitle "EXT 2024"]
[Source "ChessBase"]
[SourceDate "2023.10.10"]
[SourceVersion "1"]
[SourceVersionDate "2023.10.10"]
[SourceQuality "1"]

1. d4 f5 2. Nc3 Nf6 3. Bg5 e6 4. e4 fxe4 5. Nxe4 Be7 6. Bxf6 Bxf6 7. Qh5+ Kf8 8. Nf3 d5 9. Nxf6 Qxf6 10. 0-0-0 Qf4+ 11. Kb1 g6 12. Qe5 Qxe5 13. Nxe5 Nc6 14. f4 Ke7 15. h4 a6 16. c3 Nxe5 17. fxe5 Bd7 18. Be2 Rhf8 19. Rdf1 Bb5 20. Bxb5 axb5 21. a3 h5 22. Kc2 Rf5 23. Rxf5 gxf5 24. Kd2 Rg8 25. Rh2 b6 26. Ke3 c5 27. dxc5 bxc5 28. Kf3 Kd7 29. g3 Kc6 30. b3 Rg4 31. Rd2 Re4 32. Re2 Rxe2 33. Kxe2 d4 34. cxd4 cxd4 35. Kd3 Kd5 36. a4 Kxe5 37. a5 Kd6 38. a6 Kc6 39. a7 Kb7 40. Kxd4 Kxa7 41. Ke5 Ka6 42. b4 Kb6 43. Kxe6 f4 44. gxf4 Kc6 45. f5 1-0